00457nam a2200145Ia 4500008004100000245005200041260002600093260000900119300000800128650002600136650001200162856004500174999001900219952007300238170516s9999 xx 000 0 und d aMandibular tori as an incidental finding in MRI bActa Radiologica Open c2014 a3:2 xRadiologic Technology xRadtech uhttp://journals.sagepub.com/toc/arra/3/2 c332602d332602 001040aCLbCLd2017-05-16l0r2017-05-16 00:00:00w2017-05-16yFOJ